[Event "GER-ch 66th"]
[Site "Binz"]
[Date "1994.??.??"]
[Round "1"]
[White "Dittmar, Peter"]
[Black "Bezold, Michael"]
[Result "0-1"]
[WhiteElo "2285"]
[BlackElo "2475"]
[EventDate "1994.11.??"]
[PlyCount "78"]

1. d4 d6 2. g3 g6 3. Bg2 Bg7 4. e4 Nf6 5. Ne2 O-O 6. h3 e5 7. O-O Nbd7 8. Nbc3 a6 9. a4 b6 10. Re1 Bb7 11. d5 a5 12. Kh2 Nc5 13. f4 exf4 14. gxf4 Re8 15. Ng3 h5 16. Bd2 Qe7 17. Qf3 Rad8 18. Nh1 Qd7 19. Nf2 c6 20. Bf1 cxd5 21. Bb5 Bc6 22. Bxc6 Qxc6 23. exd5 Qd7 24. f5 Qxf5 25. Qxf5 gxf5 26. Rg1 Kh7 27. Rg5 Re5 28. Bf4 Bh6 29. Bxe5 Bxg5 30. Rg1 dxe5 31. Rxg5 Nxd5 32. Rxf5 Nxc3 33. bxc3 Kg6 34. Rxe5 Rd2 35. Kg1 Rxc2 36. h4 Rxf2 37. Kxf2 Nd3+ 38. Ke3 Nxe5 39. Ke4 Nc4 0-1

[Event "GER-ch 66th"]
[Site "Binz"]
[Date "1994.??.??"]
[Round "1"]
[White "Hermann, Manfred"]
[Black "Stoeber, Michael"]
[Result "1/2-1/2"]
[WhiteElo "2405"]
[BlackElo "2255"]
[EventDate "1994.11.??"]
[PlyCount "121"]

1. e4 e6 2. d4 d5 3. Nc3 Nf6 4. Bg5 dxe4 5. Nxe4 Be7 6. Bxf6 Bxf6 7. Nf3 O-O 8. g3 Nd7 9. Bg2 e5 10. O-O exd4 11. Nxf6+ Qxf6 12. Qxd4 c5 13. Qxf6 Nxf6 14. Ne5 Bf5 15. c3 Be4 16. Nd7 Bxg2 17. Nxf6+ gxf6 18. Kxg2 Rad8 19. Rad1 Kg7 20. Rfe1 b6 21. c4 a6 22. Kf3 Kg6 23. Kf4 Rfe8 24. Rxe8 Rxe8 25. Kf3 Re6 26. Rd8 h6 27. Rg8+ Kh7 28. Ra8 a5 29. g4 Kg6 30. Rg8+ Kh7 31. Rd8 Kg7 32. h3 Kg6 33. Rg8+ Kh7 34. Rd8 Kg6 35. Rd5 Kg7 36. Rd2 Kg6 37. Rd7 Kg7 38. Rd1 Kg6 39. Rd5 Kg7 40. Rd8 Kg6 41. Rd7 Kg7 42. h4 Kg6 43. h5+ Kg7 44. Rd2 Kf8 45. Rd8+ Kg7 46. Rb8 Kh7 47. Kg3 Kg7 48. f3 Rd6 49. Kh3 Re6 50. Kh4 Rd6 51. Kg3 Kh7 52. Kf4 Kg7 53. Ke3 Kh7 54. Ke4 Kg7 55. Kf5 Re6 56. f4 Kh7 57. Rd8 Kg7 58. Rd7 Kg8 59. Rd8+ Kh7 60. Rd2 Kg7 61. Rd3 1/2-1/2

[Event "GER-ch 66th"]
[Site "Binz"]
[Date "1994.??.??"]
[Round "1"]
[White "Knuth, Hannes"]
[Black "Wahls, Matthias"]
[Result "1/2-1/2"]
[WhiteElo "2350"]
[BlackElo "2540"]
[EventDate "1994.11.??"]
[PlyCount "137"]

1. Nf3 c5 2. g3 g6 3. Bg2 Bg7 4. O-O Nc6 5. d3 d5 6. Nc3 e6 7. Bd2 Nge7 8. Rb1 Rb8 9. Na4 Qd6 10. c4 O-O 11. Qc1 b6 12. a3 Rd8 13. b4 cxb4 14. axb4 b5 15. cxb5 Rxb5 16. Nc3 Rb7 17. b5 Ne5 18. Nxe5 Bxe5 19. Na4 Qb8 20. Ba5 Re8 21. b6 axb6 22. Bxb6 Bd7 23. Nc5 Rxb6 24. Nxd7 Rxb1 25. Qxb1 Qd6 26. Qb5 Rd8 27. Nxe5 Qxe5 28. e3 Qc7 29. Qb2 d4 30. exd4 Qd6 31. Ra1 Qxd4 32. Qxd4 Rxd4 33. Ra3 g5 34. Kf1 Kg7 35. Ke2 Rb4 36. Ra2 Nf5 37. Kd2 Rb3 38. Be4 Nd4 39. Ke3 Nb5 40. Bc6 Nd6 41. Kd2 Kf6 42. Bf3 h6 43. Bd1 Rb1 44. Kc2 Rb5 45. Ra4 Rf5 46. f3 Rb5 47. d4 Nf5 48. Be2 Ne3+ 49. Kd2 Rb3 50. Bd3 Nd5 51. Kc2 Rc3+ 52. Kd2 Rb3 53. Kc2 Rb8 54. Be4 Ne3+ 55. Kd2 Nf1+ 56. Ke1 Ne3 57. Kd2 Nf5 58. Bxf5 Kxf5 59. Ra5+ Kf6 60. h4 gxh4 61. gxh4 Rd8 62. Ke3 Rd5 63. Ra1 Rh5 64. Rh1 Ra5 65. Rb1 Kf5 66. Rb7 Ra3+ 67. Kf2 f6 68. Kg3 h5 69. Rb5+ 1/2-1/2

[Event "GER-ch 66th"]
[Site "Binz"]
[Date "1994.??.??"]
[Round "1"]
[White "Luther, Thomas"]
[Black "Schulz, Karsten"]
[Result "1-0"]
[WhiteElo "2510"]
[BlackElo "2330"]
[EventDate "1994.11.??"]
[PlyCount "105"]

1. e4 g6 2. d4 Bg7 3. Nf3 c6 4. Bd3 d5 5. Nbd2 Nh6 6. O-O O-O 7. Re1 f6 8. c4 dxe4 9. Nxe4 Nf5 10. c5 Kh8 11. Bc4 Na6 12. Nc3 Nc7 13. b4 Nd5 14. Qb3 e6 15. Bd2 Qc7 16. Re4 Bd7 17. Rae1 Rae8 18. Ne2 g5 19. Qd3 Nfe7 20. Ng3 Ng6 21. Nh5 f5 22. R4e2 g4 23. Nxg7 Kxg7 24. Bxd5 cxd5 25. Ne5 a6 26. Qb3 Bb5 27. Nxg6 Bxe2 28. Bf4 Qd8 29. Nxf8 Bc4 30. Be5+ Kxf8 31. Qe3 Qh4 32. a4 Kf7 33. Rb1 Ra8 34. Bf4 Qf6 35. Be5 Qh4 36. Bg3 Qf6 37. Qf4 Kg6 38. Re1 Re8 39. Qe3 Qg5 40. Bf4 Qf6 41. Rb1 Ra8 42. Bg3 Qe7 43. h3 h5 44. h4 Qd7 45. Be5 Kh7 46. b5 Rg8 47. c6 bxc6 48. b6 Qb7 49. Bf6 Qf7 50. Qe5 Bd3 51. Rb2 Kg6 52. Bg5 f4 53. Bxf4 1-0

[Event "GER-ch 66th"]
[Site "Binz"]
[Date "1994.??.??"]
[Round "1"]
[White "Oswald, Hans Joachim"]
[Black "Movsziszian, Karen"]
[Result "0-1"]
[WhiteElo "2335"]
[BlackElo "2525"]
[EventDate "1994.11.??"]
[PlyCount "64"]

1. Nf3 d5 2. d4 c6 3. e3 Bg4 4. c4 e6 5. Nbd2 Nd7 6. Be2 Bd6 7. e4 Ne7 8. O-O O-O 9. h3 Bh5 10. b3 c5 11. Bb2 Bxf3 12. Nxf3 dxe4 13. Ng5 e3 14. fxe3 Nf5 15. Ne4 Bc7 16. Qd3 Qh4 17. Nxc5 Nxc5 18. dxc5 Qg3 19. Bf3 Rad8 20. Qc3 f6 21. Rae1 Qh2+ 22. Kf2 Bg3+ 23. Ke2 Bh4 24. Bxb7 Ng3+ 25. Kf3 e5 26. Qc2 Rf7 27. Rd1 Re8 28. Rg1 Rxb7 29. e4 f5 30. exf5 e4+ 31. Kg4 Nxf5 32. Qc3 e3 0-1

[Event "GER-ch 66th"]
[Site "Binz"]
[Date "1994.??.??"]
[Round "1"]
[White "Reis, Gerhard"]
[Black "Lagunow, Alexander"]
[Result "1/2-1/2"]
[WhiteElo "2245"]
[BlackElo "2405"]
[EventDate "1994.11.??"]
[PlyCount "37"]

1. Nf3 g6 2. c4 Bg7 3. Nc3 c5 4. g3 Nc6 5. Bg2 a6 6. O-O Rb8 7. a4 d6 8. d3 Bd7 9. Bg5 Nh6 10. Nd5 f6 11. Bd2 e6 12. Ne3 f5 13. Nc2 O-O 14. Rb1 b5 15. axb5 axb5 16. cxb5 Rxb5 17. b4 cxb4 18. Nxb4 Nxb4 19. Rxb4 1/2-1/2

[Event "GER-ch 66th"]
[Site "Binz"]
[Date "1994.??.??"]
[Round "1"]
[White "Stern, Rene"]
[Black "Riegler, Dieter"]
[Result "1-0"]
[WhiteElo "2370"]
[BlackElo "2220"]
[EventDate "1994.11.??"]
[PlyCount "81"]

1. d4 Nf6 2. c4 g6 3. Nc3 Bg7 4. e4 d6 5. Bd3 e5 6. d5 O-O 7. Nge2 Ne8 8. O-O Nd7 9. Be3 a5 10. Qd2 f5 11. exf5 gxf5 12. f4 e4 13. Bc2 Ndf6 14. h3 h5 15. Bf2 Bh6 16. Bh4 Qe7 17. Nd1 Qg7 18. Ne3 Qg6 19. Rf2 Rf7 20. Rc1 Nd7 21. Bb1 Nef6 22. Rc3 Qh7 23. Ra3 Nf8 24. Rxa5 Rxa5 25. Qxa5 Ng6 26. Bg5 Ne8 27. Qa8 Bd7 28. Bxh6 Qxh6 29. Qxb7 Rg7 30. Qb4 Nf6 31. a4 Nh4 32. Kf1 Ng4 33. hxg4 hxg4 34. Ke1 Nf3+ 35. Kd1 g3 36. Rf1 Qh5 37. Bc2 Nd4 38. Qd2 Nf3 39. gxf3 exf3 40. Nxg3 Rxg3 41. Qf2 1-0

[Event "GER-ch 66th"]
[Site "Binz"]
[Date "1994.??.??"]
[Round "1"]
[White "Zach, Andreas"]
[Black "Bangiev, Alexander J"]
[Result "0-1"]
[WhiteElo "2230"]
[BlackElo "2385"]
[EventDate "1994.11.??"]
[PlyCount "85"]

1. d4 Nf6 2. Bf4 g6 3. e3 Bg7 4. h3 O-O 5. Nf3 d6 6. c3 Nbd7 7. a4 e6 8. Be2 Qe7 9. O-O e5 10. Bh2 e4 11. Nfd2 Re8 12. c4 Nf8 13. Nc3 h5 14. Rc1 c6 15. a5 N8h7 16. Re1 Bf5 17. Qa4 a6 18. Bf1 Bh6 19. b4 Qd8 20. Nb3 Be6 21. Nd2 d5 22. Nb3 Bf8 23. Nc5 Bc8 24. Qa2 Bd6 25. cxd5 Bxh2+ 26. Kxh2 cxd5 27. N3a4 Qd6+ 28. Kg1 Ng5 29. Be2 Rb8 30. Nb6 Bf5 31. h4 Ngh7 32. b5 axb5 33. Bxb5 Re7 34. g3 g5 35. Kg2 gxh4 36. gxh4 Kh8 37. Rh1 Bg4 38. Kf1 Bf3 39. Rg1 Rd8 40. Qb3 Qh2 41. Bd7 Rexd7 42. Ncxd7 Ng4 43. Rxg4 0-1

[Event "GER-ch 66th"]
[Site "Binz"]
[Date "1994.??.??"]
[Round "2"]
[White "Bangiev, Alexander J"]
[Black "Lau, Ralf"]
[Result "1-0"]
[WhiteElo "2385"]
[BlackElo "2515"]
[EventDate "1994.11.??"]
[PlyCount "73"]

1. e4 c5 2. f4 d5 3. exd5 Nf6 4. Bb5+ Bd7 5. Bxd7+ Qxd7 6. c4 e6 7. Qe2 Bd6 8. d3 O-O 9. dxe6 fxe6 10. Nf3 Nc6 11. O-O Rae8 12. Nc3 e5 13. f5 Nd4 14. Qd1 Nxf5 15. Bg5 Ng4 16. Qd2 h6 17. h3 Ng3 18. Rfe1 hxg5 19. hxg4 Rf4 20. Nxg5 Rxg4 21. Nge4 Nf5 22. Nd5 Be7 23. Rf1 Rf8 24. Qe2 Rh4 25. Rf3 Qe6 26. Raf1 Bd8 27. Ndf6+ Rxf6 28. Nxf6+ Qxf6 29. Rxf5 Qh6 30. Rf8+ Kh7 31. Qf3 Rh1+ 32. Kf2 Qd2+ 33. Qe2 Bh4+ 34. Kf3 Rxf1+ 35. Qxf1 Qxb2 36. Kg4 Qd4+ 37. Kh3 1-0

[Event "GER-ch 66th"]
[Site "Binz"]
[Date "1994.??.??"]
[Round "2"]
[White "Kersten, Uwe"]
[Black "Krajina, Davor"]
[Result "1-0"]
[WhiteElo "2345"]
[BlackElo "2270"]
[EventDate "1994.11.??"]
[PlyCount "61"]

1. e4 e5 2. Nc3 Nc6 3. Nf3 Nf6 4. d4 exd4 5. Nd5 Nb4 6. Nxf6+ Qxf6 7. Bc4 d5 8. exd5 Bg4 9. Qe2+ Be7 10. a3 O-O-O 11. axb4 Bxb4+ 12. Kd1 Rhe8 13. Qd3 Re5 14. Bd2 Bxd2 15. Kxd2 Qf4+ 16. Kd1 Rde8 17. h3 Bh5 18. Rf1 Kb8 19. Ra3 Re4 20. Qd2 Qf6 21. Kc1 c5 22. dxc6 Qxc6 23. Bd3 R4e7 24. Kb1 Bxf3 25. Qf4+ Ka8 26. gxf3 Re1+ 27. Rxe1 Rxe1+ 28. Ka2 Qe6+ 29. Rb3 Qd5 30. Qc7 a5 31. Be4 1-0

[Event "GER-ch 66th"]
[Site "Binz"]
[Date "1994.??.??"]
[Round "2"]
[White "Machelett, Heiko"]
[Black "Menacher, Manfred"]
[Result "1-0"]
[WhiteElo "2240"]
[BlackElo "2320"]
[EventDate "1994.11.??"]
[PlyCount "77"]

1. d4 Nf6 2. c4 e6 3. Nc3 Bb4 4. e3 c5 5. Nge2 b6 6. a3 Ba5 7. Qc2 O-O 8. Ng3 Bb7 9. Bd3 Nc6 10. dxc5 bxc5 11. O-O Ne5 12. Be2 Qc7 13. f3 Rac8 14. Rd1 a6 15. Nce4 Ne8 16. Bd2 f5 17. Nc3 Rf6 18. Be1 Rg6 19. Qd2 Bc6 20. Rab1 Rb8 21. Qc2 Nf6 22. b4 cxb4 23. axb4 Bxb4 24. Nb5 axb5 25. Bxb4 Qa7 26. cxb5 Qxe3+ 27. Kh1 Rxg3 28. hxg3 Qh6+ 29. Kg1 Qe3+ 30. Kf1 Neg4 31. Bc5 Qh6 32. Ke1 Qh2 33. bxc6 Qxg3+ 34. Kf1 Rf8 35. fxg4 Ne4 36. Bf3 Nxc5 37. Qxc5 fxg4 38. Qxf8+ Kxf8 39. cxd7 1-0

[Event "GER-ch 66th"]
[Site "Binz"]
[Date "1994.??.??"]
[Round "2"]
[White "Movsziszian, Karen"]
[Black "Enders, Peter"]
[Result "0-1"]
[WhiteElo "2525"]
[BlackElo "2450"]
[EventDate "1994.11.??"]
[PlyCount "44"]

1. e4 c5 2. Nf3 d6 3. d4 cxd4 4. Nxd4 Nf6 5. Nc3 a6 6. Bc4 e6 7. O-O b5 8. Bb3 Bb7 9. Re1 Nbd7 10. Qf3 Qb6 11. Be3 Qa5 12. Bg5 h6 13. Bxf6 Nxf6 14. a3 Be7 15. Nd5 exd5 16. exd5 Kf8 17. Nf5 Re8 18. Re3 Bc8 19. Nd4 Bd7 20. Rae1 Bd8 21. c3 Rxe3 22. Qxe3 Qc7 0-1

[Event "GER-ch 66th"]
[Site "Binz"]
[Date "1994.??.??"]
[Round "2"]
[White "Reefschlaeger, Helmut"]
[Black "Luther, Thomas"]
[Result "0-1"]
[WhiteElo "2370"]
[BlackElo "2510"]
[EventDate "1994.11.??"]
[PlyCount "96"]

1. e4 e6 2. g3 d5 3. Nc3 Nf6 4. e5 Nfd7 5. f4 c5 6. Bg2 Nc6 7. Nf3 a6 8. O-O b5 9. Qe2 Qb6 10. Kh1 b4 11. Nd1 a5 12. d3 Be7 13. c4 bxc3 14. bxc3 Ba6 15. c4 dxc4 16. dxc4 O-O 17. Nc3 Nd4 18. Nxd4 cxd4 19. Nb5 Rac8 20. Rd1 Rfd8 21. Bb2 d3 22. Qxd3 Nxe5 23. Qc3 Rxc4 24. Qxe5 Bf6 25. Qe2 Bxb5 26. Bxf6 gxf6 27. Qg4+ Kf8 28. Rxd8+ Qxd8 29. Qh5 Bc6 30. Bxc6 Rxc6 31. Rd1 Qa8 32. Qf3 Rc8 33. Qxa8 Rxa8 34. Kg2 Rc8 35. Rd2 Rc3 36. f5 Kg7 37. Kh3 Rf3 38. fxe6 fxe6 39. Rd6 Kf7 40. Kg4 Rf2 41. a4 Ra2 42. h4 Rxa4+ 43. Kh5 f5 44. Kh6 Kf6 45. Kxh7 Rg4 46. h5 Rg7+ 47. Kh8 Ra7 48. h6 a4 0-1

[Event "GER-ch 66th"]
[Site "Binz"]
[Date "1994.??.??"]
[Round "2"]
[White "Riegler, Dieter"]
[Black "Dittmar, Peter"]
[Result "1/2-1/2"]
[WhiteElo "2220"]
[BlackElo "2285"]
[EventDate "1994.11.??"]
[PlyCount "34"]

1. d4 d5 2. c4 e6 3. Nc3 c5 4. cxd5 exd5 5. Nf3 Nc6 6. g3 Nf6 7. Bg2 Be7 8. O-O O-O 9. dxc5 Bxc5 10. Bg5 d4 11. Bxf6 Qxf6 12. Nd5 Qd6 13. Nd2 Be6 14. Nf4 Bb6 15. Rc1 Rac8 16. a3 Rfe8 17. b4 h6 1/2-1/2

[Event "GER-ch 66th"]
[Site "Binz"]
[Date "1994.??.??"]
[Round "2"]
[White "Schlosser, Philipp"]
[Black "Martynov, Pavel"]
[Result "1-0"]
[WhiteElo "2510"]
[BlackElo "2410"]
[EventDate "1994.11.??"]
[PlyCount "93"]

1. c4 d6 2. Nc3 e5 3. g3 c5 4. Bg2 Nc6 5. a3 Be6 6. d3 Qd7 7. Rb1 Nf6 8. Nf3 Bh3 9. Bxh3 Qxh3 10. b4 cxb4 11. Nd5 Nxd5 12. cxd5 Ne7 13. Rxb4 b6 14. g4 Rc8 15. Rg1 Nxd5 16. Rg3 Qxg3 17. hxg3 Nxb4 18. axb4 Be7 19. Qa4+ Kd8 20. Kd1 Rc7 21. Qb3 f6 22. Qf7 g5 23. Nd2 Rf8 24. Qd5 Kc8 25. Nc4 Kb8 26. e4 Rh8 27. Be3 h5 28. gxh5 Rxh5 29. Nxd6 Rh8 30. Qe6 Rd8 31. Nf5 Bxb4 32. Qxf6 Rxd3+ 33. Ke2 Rdd7 34. Qxe5 g4 35. Qb5 Rc2+ 36. Kf1 Rd1+ 37. Kg2 Bc5 38. Qb3 Rdc1 39. Qg8+ Kb7 40. Qf7+ Ka6 41. Bxc5 Rxc5 42. Nd6 b5 43. Qb7+ Ka5 44. Qxa7+ Kb4 45. Nb7 Rc6 46. Qa5+ Kc4 47. Qd2 1-0

[Event "GER-ch 66th"]
[Site "Binz"]
[Date "1994.??.??"]
[Round "2"]
[White "Schulz, Karsten"]
[Black "Zach, Andreas"]
[Result "1/2-1/2"]
[WhiteElo "2330"]
[BlackElo "2230"]
[EventDate "1994.11.??"]
[PlyCount "125"]

1. g3 d5 2. Bg2 c6 3. b3 Nf6 4. Bb2 Bf5 5. d3 e6 6. Nd2 h6 7. e4 Bh7 8. Qe2 a5 9. a3 Be7 10. f4 Qb6 11. Ngf3 O-O 12. Bh3 a4 13. b4 c5 14. c3 Qa6 15. f5 exf5 16. e5 Nc6 17. c4 cxb4 18. exf6 Bxf6 19. Bxf6 Rfe8 20. Be5 f6 21. O-O Nxe5 22. Nxe5 Rxe5 23. Qf2 Rae8 24. Qd4 b3 25. Nf3 Re2 26. Qxd5+ Kh8 27. Nd4 R2e5 28. Qg2 Qb6 29. Qf2 Rd8 30. Nf3 Qxf2+ 31. Kxf2 Rc5 32. Rfd1 f4 33. Bf1 fxg3+ 34. hxg3 b5 35. cxb5 Rxb5 36. d4 Rb6 37. Bd3 b2 38. Rab1 Bg8 39. Ne1 Ba2 40. Nc2 Rb3 41. Ke2 g5 42. g4 Kg7 43. Ne3 Rdb8 44. Nc4 Bxb1 45. Rxb1 Rc3 46. Kd2 Rbb3 47. Be2 Rh3 48. d5 h5 49. d6 Kf8 50. gxh5 f5 51. Ne5 g4 52. d7 Ke7 53. h6 Rb6 54. Nc4 Rb7 55. Ne5 Rxh6 56. Ke3 Rh3+ 57. Kf4 Rxd7 58. Nxd7 Kxd7 59. Kxf5 Rxa3 60. Rxb2 g3 61. Kf4 Kd6 62. Bf3 Kc5 63. Kxg3 1/2-1/2

[Event "GER-ch 66th"]
[Site "Binz"]
[Date "1994.??.??"]
[Round "2"]
[White "Schumacher, Olaf"]
[Black "Oswald, Hans Joachim"]
[Result "1/2-1/2"]
[WhiteElo "2285"]
[BlackElo "2335"]
[EventDate "1994.11.??"]
[PlyCount "130"]

1. d4 Nf6 2. Nf3 g6 3. Nc3 d5 4. Bf4 c6 5. e3 Bg7 6. Be2 Bg4 7. h3 Bxf3 8. Bxf3 Nbd7 9. O-O O-O 10. e4 dxe4 11. Nxe4 Nxe4 12. Bxe4 Qb6 13. Be3 Rad8 14. Bf3 Qc7 15. Qc1 e5 16. d5 f5 17. Bg5 Rde8 18. Qd2 Nf6 19. c4 Kh8 20. Rac1 e4 21. Be2 Rd8 22. Rfd1 c5 23. b4 b6 24. bxc5 Qxc5 25. Be3 Qd6 26. Bf4 Qc5 27. Bg5 Rd6 28. Rb1 Re8 29. Be3 Qc8 30. Qb4 Rdd8 31. Qd2 Nd7 32. Bg5 Nf6 33. a4 e3 34. Bxe3 Ne4 35. Qc2 Nc3 36. Bf1 Nxb1 37. Qxb1 Rxe3 38. fxe3 Qc5 39. Kh1 Qxe3 40. Re1 Qg3 41. Re6 Be5 42. Kg1 Qh2+ 43. Kf2 Qf4+ 44. Kg1 Bd4+ 45. Kh1 Be5 46. Kg1 Qh2+ 47. Kf2 Qf4+ 48. Kg1 g5 49. Re7 Qh2+ 50. Kf2 Qf4+ 51. Kg1 Bd4+ 52. Kh1 Be5 53. Kg1 Rf8 54. Qd3 Bd4+ 55. Kh1 Qf2 56. Kh2 Qf4+ 57. Kh1 Qf2 58. Kh2 h5 59. Qe2 Qg1+ 60. Kg3 h4+ 61. Kf3 Qh2 62. Qd3 Bf6 63. Re6 Qg3+ 64. Ke2 Qxd3+ 65. Kxd3 Bg7 1/2-1/2

[Event "GER-ch 66th"]
[Site "Binz"]
[Date "1994.??.??"]
[Round "2"]
[White "Stoeber, Michael"]
[Black "Alber, Horst"]
[Result "0-1"]
[WhiteElo "2255"]
[BlackElo "2290"]
[EventDate "1994.11.??"]
[PlyCount "72"]

1. d4 Nf6 2. c4 g6 3. Nc3 Bg7 4. e4 d6 5. Nf3 O-O 6. h3 e5 7. dxe5 dxe5 8. Qxd8 Rxd8 9. Bg5 Re8 10. Nd5 Nxd5 11. cxd5 c6 12. Bc4 cxd5 13. Bxd5 Nc6 14. O-O-O Nd4 15. Be3 Be6 16. Nxd4 Bxd5 17. exd5 exd4 18. Bxd4 Bxd4 19. Rxd4 Re2 20. Kb1 Kf8 21. Rc1 Rxf2 22. d6 Rxg2 23. Rc7 g5 24. Rxb7 h5 25. Rd5 Rd8 26. Rxa7 Rg1+ 27. Kc2 Rg2+ 28. Kc3 Rg3+ 29. Kc4 Rxh3 30. Rxg5 Rxd6 31. Rf5 f6 32. Kc5 Re6 33. Kd5 Rb6 34. a4 Kg8 35. a5 Rxb2 36. Rxf6 Rd2+ 0-1

[Event "GER-ch 66th"]
[Site "Binz"]
[Date "1994.??.??"]
[Round "2"]
[White "Troyke, Christian"]
[Black "Mainka, Romuald"]
[Result "0-1"]
[WhiteElo "2355"]
[BlackElo "2485"]
[EventDate "1994.11.??"]
[PlyCount "86"]

1. c4 f5 2. g3 Nf6 3. Bg2 g6 4. Nc3 Bg7 5. e3 O-O 6. Nge2 d6 7. O-O e5 8. d3 a5 9. a3 c6 10. Rb1 Na6 11. b4 Nc7 12. Bd2 axb4 13. axb4 d5 14. cxd5 cxd5 15. Qb3 Kh8 16. d4 e4 17. b5 Be6 18. Na4 Bg8 19. Bb4 Re8 20. Nec3 g5 21. b6 Ne6 22. Nb5 Qd7 23. Ba3 f4 24. Rfc1 h5 25. Nc5 Nxc5 26. Rxc5 Bf8 27. Rc7 Qe6 28. Bxf8 Rxf8 29. Nc3 fxg3 30. fxg3 h4 31. gxh4 gxh4 32. Ne2 Nh5 33. h3 Qg6 34. Rxb7 Be6 35. Nf4 Nxf4 36. exf4 Rg8 37. Qc2 Bxh3 38. Ra7 Bxg2 39. Qf2 Bf3+ 40. Kf1 Raf8 41. Qxh4+ Bh5 42. Ke1 Qg1+ 43. Kd2 Qxd4+ 0-1

[Event "GER-ch 66th"]
[Site "Binz"]
[Date "1994.??.??"]
[Round "2"]
[White "Von Buelow, Georg"]
[Black "Reis, Gerhard"]
[Result "1-0"]
[WhiteElo "2355"]
[BlackElo "2245"]
[EventDate "1994.11.??"]
[PlyCount "58"]

1. e4 c5 2. Nf3 Nc6 3. d4 cxd4 4. Nxd4 Nf6 5. Nc3 e5 6. Ndb5 d6 7. Bg5 a6 8. Na3 b5 9. Bxf6 gxf6 10. Nd5 f5 11. Bd3 Be6 12. O-O Bg7 13. Qh5 f4 14. c4 O-O 15. cxb5 Nd4 16. Nc2 Nxb5 17. a4 Na7 18. a5 Rb8 19. Nb6 Nc6 20. b4 Ne7 21. Rfd1 f5 22. Ra3 Rf6 23. Qe2 Rg6 24. Bc4 Bxc4 25. Qxc4+ Kh8 26. Rad3 Bf8 27. Ne1 fxe4 28. Qxe4 Qc7 29. Rxd6 Nc6 1-0

[Event "GER-ch 66th"]
[Site "Binz"]
[Date "1994.??.??"]
[Round "3"]
[White "Bischoff, Klaus"]
[Black "Bezold, Michael"]
[Result "1/2-1/2"]
[WhiteElo "2525"]
[BlackElo "2475"]
[EventDate "1994.11.??"]
[PlyCount "42"]

1. d4 Nf6 2. Nf3 e6 3. c4 c5 4. d5 exd5 5. cxd5 Bd6 6. g3 O-O 7. Bg2 Re8 8. O-O Bf8 9. Nc3 d6 10. Nd2 Na6 11. Nc4 Rb8 12. a4 Nb4 13. e4 a6 14. a5 Bd7 15. Bd2 Bb5 16. b3 g6 17. Re1 Bxc4 18. bxc4 Bg7 19. Bf1 h5 20. Ra3 Ng4 21. Kg2 Qf6 1/2-1/2

[Event "GER-ch 66th"]
[Site "Binz"]
[Date "1994.??.??"]
[Round "3"]
[White "Dittmar, Peter"]
[Black "Proehl, Holger"]
[Result "0-1"]
[WhiteElo "2285"]
[BlackElo "2285"]
[EventDate "1994.11.??"]
[PlyCount "82"]

1. d4 d5 2. Bf4 e6 3. e3 Bd6 4. Bg3 Nf6 5. Nd2 Bxg3 6. hxg3 Qd6 7. Ngf3 Nbd7 8. c3 O-O 9. Bd3 e5 10. dxe5 Nxe5 11. Nxe5 Qxe5 12. Qa4 h6 13. Qf4 Re8 14. Qxe5 Rxe5 15. Nf3 Re8 16. Rh4 c5 17. b4 b6 18. bxc5 bxc5 19. Rb1 Bd7 20. Ke2 Rab8 21. Rhh1 Bg4 22. Kd2 Ne4+ 23. Bxe4 dxe4 24. Rxb8 Rxb8 25. Ne1 Rb2+ 26. Nc2 Rxa2 27. Ra1 Rxa1 28. Nxa1 Be6 29. Kc2 Bc4 30. Nb3 Bd3+ 31. Kb2 Bf1 32. Nxc5 Bxg2 33. c4 h5 34. Kc3 g5 35. Nd7 Kg7 36. c5 Bf1 37. Kd4 h4 38. gxh4 gxh4 39. Ne5 f5 40. c6 h3 41. Nc4 Bxc4 0-1

[Event "GER-ch 66th"]
[Site "Binz"]
[Date "1994.??.??"]
[Round "3"]
[White "Enders, Peter"]
[Black "Schmittdiel, Eckhard"]
[Result "1-0"]
[WhiteElo "2450"]
[BlackElo "2495"]
[EventDate "1994.11.??"]
[PlyCount "77"]

1. e4 c5 2. Nf3 Nc6 3. d4 cxd4 4. Nxd4 e5 5. Nb5 d6 6. Bc4 Nf6 7. N5c3 Be6 8. Bb3 h6 9. O-O Be7 10. f4 O-O 11. Kh1 Qd7 12. f5 Bxb3 13. axb3 Nb4 14. Be3 d5 15. exd5 Nfxd5 16. Nxd5 Qxd5 17. Qxd5 Nxd5 18. Bg1 Nb4 19. Na3 Rfc8 20. Rf2 Bf6 21. Re2 Rc6 22. Rd1 e4 23. c4 a6 24. Nb1 b5 25. cxb5 axb5 26. Rxe4 Nc2 27. Nc3 Bxc3 28. bxc3 Rxc3 29. b4 Rac8 30. Bc5 h5 31. h3 Rc4 32. Rxc4 bxc4 33. Rc1 Na3 34. Rc3 Ra8 35. Kh2 h4 36. Bf2 g5 37. fxg6 fxg6 38. Bxh4 Kf7 39. Bg5 1-0

[Event "GER-ch 66th"]
[Site "Binz"]
[Date "1994.??.??"]
[Round "3"]
[White "Gerstner, Wolfgang"]
[Black "Maiwald, Jens Uwe"]
[Result "1-0"]
[WhiteElo "2380"]
[BlackElo "2445"]
[EventDate "1994.11.??"]
[PlyCount "80"]

1. d4 c6 2. e4 d5 3. exd5 cxd5 4. c3 g6 5. Nf3 Bg7 6. Bd3 Nh6 7. O-O O-O 8. Re1 Nc6 9. Ne5 f6 10. Nxc6 bxc6 11. c4 Nf5 12. cxd5 cxd5 13. Bc2 e5 14. Be3 Nxe3 15. Rxe3 exd4 16. Rb3 Ba6 17. Nd2 Rc8 18. Rh3 f5 19. Bd3 Qb6 20. Bxa6 Qxa6 21. Nb3 Qb6 22. Rd3 Rfe8 23. h3 Re4 24. Qd2 Rce8 25. Rd1 Re2 26. Qc1 Qb4 27. Nxd4 Re1+ 28. Kh2 Be5+ 29. g3 Rxd1 30. Qxd1 Qxb2 31. Rd2 Qc3 32. Nf3 f4 33. g4 d4 34. Nxe5 Rxe5 35. Rxd4 Re8 36. Rxf4 Qe5 37. Qb3+ Re6 38. Kg2 Qxf4 39. Qxe6+ Kg7 40. Qe7+ Kg8 1-0

[Event "GER-ch 66th"]
[Site "Binz"]
[Date "1994.??.??"]
[Round "3"]
[White "Hermann, Manfred"]
[Black "Wahls, Matthias"]
[Result "0-1"]
[WhiteElo "2405"]
[BlackElo "2540"]
[EventDate "1994.11.??"]
[PlyCount "79"]

1. e4 d5 2. exd5 Qxd5 3. Nc3 Qa5 4. d4 c6 5. Nf3 Nf6 6. Bc4 Bf5 7. Bd2 e6 8. Qe2 Bb4 9. Ne5 Nbd7 10. Nxd7 Nxd7 11. a3 Nf6 12. O-O Bxc3 13. Bxc3 Qc7 14. Rad1 O-O 15. Bd3 Bg6 16. Bxg6 hxg6 17. Rd3 Rfd8 18. Rfd1 a5 19. Bd2 b5 20. Bg5 Rd5 21. Bxf6 gxf6 22. h4 Rad8 23. g3 Kg7 24. Qe3 Qd6 25. Kg2 Rh8 26. Qf3 a4 27. Kf1 f5 28. Kg2 f4 29. Rc3 fxg3 30. fxg3 Rd8 31. Rdd3 Qc7 32. Qe4 Qb6 33. Kh3 R8d6 34. Kg2 Kg8 35. Kh3 Qa7 36. Kg2 Rxd4 37. Rxd4 Rxd4 38. Qxc6 Rd2+ 39. Kh3 Qf2 40. Qa8+ 0-1

[Event "GER-ch 66th"]
[Site "Binz"]
[Date "1994.??.??"]
[Round "3"]
[White "Kersten, Uwe"]
[Black "Von Buelow, Georg"]
[Result "1-0"]
[WhiteElo "2345"]
[BlackElo "2355"]
[EventDate "1994.11.??"]
[PlyCount "121"]

1. e4 e5 2. Nc3 Nc6 3. Nf3 Nf6 4. d4 exd4 5. Nd5 Nb4 6. Bc4 Nbxd5 7. exd5 Bb4+ 8. Bd2 Qe7+ 9. Qe2 Bc5 10. b4 Bb6 11. d6 cxd6 12. Qxe7+ Kxe7 13. O-O d5 14. Rfe1+ Kd8 15. Bb3 d6 16. Bg5 Be6 17. Rad1 a5 18. bxa5 Rxa5 19. Nxd4 Kd7 20. Bxf6 gxf6 21. Kf1 Rg8 22. Re3 Rg4 23. Red3 h5 24. a4 Rc5 25. Nb5 Ke7 26. Nc3 d4 27. Ne2 Bf5 28. Rxd4 Bxc2 29. Bxc2 Rxc2 30. Rxd6 Re4 31. Rxb6 Rexe2 32. Re1 Rxe1+ 33. Kxe1 Ra2 34. Rxb7+ Kf8 35. Rb4 Kg7 36. Rf4 Kg6 37. h4 f5 38. Kd1 Kf6 39. g3 Kg6 40. Kc1 Kf6 41. Kb1 Re2 42. a5 Re6 43. Kc2 Ra6 44. Ra4 Ke5 45. Kb3 Kd6 46. Kc4 Kc6 47. Ra3 f4 48. gxf4 Kc7 49. Kd5 Re6 50. a6 Kb8 51. a7+ Ka8 52. Re3 Rf6 53. Ke5 Rg6 54. f5 Ra6 55. Kf4 f6 56. Re6 Ra4+ 57. Kg3 Rg4+ 58. Kf3 Kxa7 59. Rxf6 Kb7 60. Rh6 Kc7 61. Rxh5 1-0

[Event "GER-ch 66th"]
[Site "Binz"]
[Date "1994.??.??"]
[Round "3"]
[White "Knuth, Hannes"]
[Black "Schumacher, Olaf"]
[Result "1-0"]
[WhiteElo "2350"]
[BlackElo "2285"]
[EventDate "1994.11.??"]
[PlyCount "81"]

1. d4 Nf6 2. c4 e6 3. Nf3 d5 4. g3 b6 5. Bg2 Bb7 6. Ne5 Bb4+ 7. Bd2 Bxd2+ 8. Nxd2 O-O 9. O-O Nbd7 10. Nxd7 Qxd7 11. Qc2 Rac8 12. c5 bxc5 13. Qxc5 Ba6 14. Bf3 c6 15. Rfc1 Qb7 16. Nb3 Nd7 17. Qd6 Qc7 18. Qxc7 Rxc7 19. Nc5 Nxc5 20. Rxc5 Rb8 21. b3 Kf8 22. Rac1 Rb6 23. h4 Ke7 24. e4 dxe4 25. Bxe4 Kd6 26. Bxh7 g6 27. h5 gxh5 28. Be4 Be2 29. R1c2 Ba6 30. Kg2 Ke7 31. d5 exd5 32. Bxd5 Kd6 33. Be4 Bc8 34. Rxh5 c5 35. Rd5+ Ke6 36. Rdxc5 Rxc5 37. Rxc5 Bd7 38. Ra5 a6 39. Bf5+ Kd6 40. Bxd7 Kxd7 41. f4 1-0